Statistics for Most Populated Countries Containing 'H'

Click here to take the quiz!

General Stats

  • This quiz has been taken 150 times
  • The average score is 16 of 20

Answer Stats

Population Country % Correct
1,371 milChina
98%
11 milHaiti
92%
10 milHungary
90%
54 milSouth Africa
90%
9 milHonduras
89%
51 milSouth Korea
88%
65 milThailand
85%
17 milKazakhstan
84%
101 milPhilippines
84%
158 milBangladesh
82%
18 milChile
82%
14 milChad
75%
25 milNorth Korea
75%
98 milEthiopia
74%
16 milNetherlands
74%
27 milGhana
73%
12 milSouth Sudan
71%
26 milAfghanistan
70%
77 milDR Congo
64%
10 milCzech Republic
52%

Score Distribution

Percentile by Number Answered

Percent of People with Each Score

Your Score History

You have not taken this quiz